000 00556nam a2200241Ia 4500
005 20250425161524.0
008 250425s9999 xx 000 0 und d
020 _a8432966193
041 _aspa
082 _a621.380283
100 _aNOLL, E.M.
245 0 _aPROYECTOS DE ANTENAS
250 _a1A ED.
260 _aBARCELONA
260 _aEspaña
_bCEAC
_c1988
300 _a88
650 _aANTENAS
650 _aANTENAS DIPOLO
650 _aDISEÑO ELECTRONICO
650 _aEQUIPO DE TELECOMUNICACION
942 _c01
010 _a22184
999 _c210882
_d210882